[Event "I C.to Romano"]
[Site "Roma ITA"]
[Date "1996.10.??"]
[Round "1"]
[White "Mazziotto, Nicola"]
[Black "Quimi, Marco"]
[Result "0-1"]
[WhiteElo "1522"]
[BlackElo "2220"]
[PlyCount "160"]
[EventDate "1996.10.01"]

1. e4 c5 2. Nc3 g6 3. d3 Bg7 4. Nge2 Nc6 5. g3 d6 6. Bg5 Nf6 7. Qd2 h6 8. Bxf6
Bxf6 9. Bg2 Bg7 10. O-O O-O 11. Kh1 Rb8 12. Rab1 b5 13. Nd1 b4 14. Ne3 e6 15.
f4 Nd4 16. Nxd4 Bxd4 17. c3 Bg7 18. c4 Bd7 19. Qe2 f5 20. exf5 exf5 21. Nd5 Re8
22. Qd2 Kh7 23. Rfe1 Qa5 24. b3 Rxe1+ 25. Rxe1 Re8 26. Rxe8 Bxe8 27. Qe2 Bf7
28. h4 Qd8 29. Qe7 Qxe7 30. Nxe7 Bf8 31. Nc6 g5 32. hxg5 hxg5 33. Kh2 Bh5 34.
Bf1 Bd1 35. d4 Bf3 36. d5 Be4 37. Nxa7 Bb1 38. Be2 Bxa2 39. Bd1 Bb1 40. Nb5 Kg6
41. Nc7 Bh6 42. Ne6 Kf6 43. Kh3 Be4 44. Kh2 Bd3 45. Kg1 Kg6 46. Kf2 Be4 47. Kg1
Kf6 48. Kf2 Bb1 49. Ke3 Kg6 50. Kf2 Kf7 51. fxg5 Bg7 52. Bh5+ Kg8 53. Nxg7 Kxg7
54. Bd1 Kg6 55. Ke3 Kxg5 56. Kf2 Kf6 57. Kf3 Ke5 58. Ke3 Be4 59. Kd2 Kd4 60.
Be2 Bb1 61. Bd1 Bd3 62. Bf3 Bxc4 63. bxc4 Kxc4 64. Kc2 b3+ 65. Kb2 Kb4 66. Be2
c4 67. Kc1 Kc3 68. Bh5 Kd4 69. Bg6 c3 70. Bxf5 Kxd5 71. g4 Ke5 72. Bh7 d5 73.
g5 d4 74. Bg8 b2+ 75. Kc2 d3+ 76. Kb1 Kd4 77. Bb3 Ke3 78. g6 Kd2 79. g7 c2+ 80.
Bxc2 dxc2+ 0-1

[Event "I C.to Romano"]
[Site "Roma ITA"]
[Date "1996.10.??"]
[Round "1"]
[White "Onisi, Stefano"]
[Black "Bongiovanni, Marco"]
[Result "1-0"]
[WhiteElo "1600"]
[BlackElo "1624"]
[PlyCount "79"]
[EventDate "1996.10.01"]

1. e4 e6 2. d4 d5 3. Nc3 Bb4 4. e5 c5 5. a3 Bxc3+ 6. bxc3 Ne7 7. Nf3 Nbc6 8. a4
Qa5 9. Bd2 Bd7 10. Bd3 c4 11. Be2 f6 12. exf6 gxf6 13. O-O O-O-O 14. Re1 Rhg8
15. Bf1 Ng6 16. Qe2 e5 17. Reb1 Bg4 18. Qe3 Bxf3 19. Rb5 Qc7 20. Qxf3 Qd7 21.
Be3 e4 22. Qe2 Nh4 23. Kh1 Rg6 24. Rab1 b6 25. Bf4 Rdg8 26. g3 Nf3 27. a5 Nxa5
28. Rxa5 Ne5 29. Bxe5 fxe5 30. Rab5 exd4 31. cxd4 Rf8 32. Bg2 Rgf6 33. Kg1 Qf5
34. Rf1 Kc7 35. f3 Qd7 36. Rbb1 Re8 37. fxe4 dxe4 38. Rxf6 Qxd4+ 39. Qf2 e3 40.
Qf4+ 1-0

[Event "I C.to Romano"]
[Site "Roma ITA"]
[Date "1996.10.??"]
[Round "1"]
[White "Passerotti, Pierluigi"]
[Black "Bernardi, Giancarlo"]
[Result "1-0"]
[WhiteElo "2290"]
[BlackElo "1537"]
[PlyCount "37"]
[EventDate "1996.10.01"]

1. Nf3 Nf6 2. c4 e6 3. Nc3 d5 4. d4 Be7 5. Bf4 c6 6. e3 Nbd7 7. h3 O-O 8. Qc2
dxc4 9. Bxc4 Nd5 10. Bh2 N7b6 11. Bd3 g6 12. a3 Bd6 13. Bxd6 Qxd6 14. h4 Nd7
15. Ne4 Qe7 16. h5 e5 17. hxg6 fxg6 18. Neg5 N5f6 19. Bc4+ 1-0

[Event "I C.to Romano"]
[Site "Roma ITA"]
[Date "1996.10.??"]
[Round "1"]
[White "Scolozzi, Umberto"]
[Black "Michelena, Rodolfo"]
[Result "0-1"]
[WhiteElo "1600"]
[BlackElo "1822"]
[PlyCount "25"]
[EventDate "1996.10.01"]

1. d4 f5 2. c4 e6 3. Nc3 Nf6 4. g3 c6 5. Bg2 d5 6. cxd5 exd5 7. a3 Bd6 8. Nf3
Qe7 9. O-O O-O 10. b4 Nbd7 11. Qb3 Ne4 12. Ra2 Ndf6 13. e3 0-1

[Event "I C.to Romano"]
[Site "Roma ITA"]
[Date "1996.10.??"]
[Round "1"]
[White "Verrascina, Roberto"]
[Black "Abuhamdieh, Arafat"]
[Result "1-0"]
[WhiteElo "2225"]
[BlackElo "1420"]
[PlyCount "45"]
[EventDate "1996.10.01"]

1. Nf3 d5 2. g3 b6 3. Bg2 Bb7 4. d4 e6 5. O-O Nd7 6. a4 a5 7. Nc3 Ba6 8. Re1
Ngf6 9. e4 dxe4 10. Ng5 Be7 11. d5 h6 12. dxe6 hxg5 13. exd7+ Nxd7 14. Bxe4 Rb8
15. Bc6 Bb7 16. Bxb7 Rxb7 17. Qf3 Nc5 18. Bxg5 f6 19. Rad1 Qc8 20. Rxe7+ Kxe7
21. Nd5+ Kf7 22. Bxf6 Kg6 23. Ne7+ 1-0

[Event "I C.to Romano"]
[Site "Roma ITA"]
[Date "1996.10.??"]
[Round "2"]
[White "Barro, Carlo"]
[Black "Piancatelli, Marco"]
[Result "0-1"]
[WhiteElo "1762"]
[BlackElo "1867"]
[PlyCount "118"]
[EventDate "1996.10.01"]

1. d4 Nf6 2. c4 g6 3. Nc3 d5 4. Bf4 Bg7 5. e3 O-O 6. Nf3 c6 7. a4 a5 8. Bd3 Na6
9. cxd5 Nxd5 10. Nxd5 cxd5 11. h3 Nb4 12. Bb1 b6 13. O-O Ba6 14. Re1 Rc8 15.
Ra3 Qd7 16. Rc3 Rc6 17. e4 dxe4 18. Bxe4 Rxc3 19. bxc3 Nd5 20. Bd2 e6 21. Qb3
b5 22. axb5 Qxb5 23. Qxb5 Bxb5 24. c4 Bxc4 25. Bxa5 Ra8 26. Bb4 Rd8 27. Rc1 Be2
28. Bxd5 exd5 29. Bc5 Bxf3 30. gxf3 Bf6 31. Kg2 Rc8 32. Rb1 Bh4 33. f4 Ra8 34.
Rb2 Kg7 35. Re2 Bf6 36. Kg3 Ra4 37. Rd2 Rc4 38. f3 Bd8 39. Ra2 Bf6 40. Rd2 Ra4
41. Bb6 h5 42. Bc5 Ra1 43. Bd6 Bd8 44. Bc5 h4+ 45. Kg2 Kf6 46. Bd6 Kf5 47. Re2
f6 48. Rc2 Rd1 49. Rc8 Bb6 50. Bc5 Rd2+ 51. Kf1 Bxc5 52. dxc5 Kxf4 53. c6 Rc2
54. c7 f5 55. Rh8 Rxc7 56. Rxh4+ Kxf3 57. Ke1 Re7+ 58. Kd2 Kg3 59. Rh6 g5 0-1

[Event "I C.to Romano"]
[Site "Roma ITA"]
[Date "1996.10.??"]
[Round "2"]
[White "Buonanno, Massimo"]
[Black "Campomori, Bruno"]
[Result "1/2-1/2"]
[WhiteElo "1686"]
[BlackElo "1826"]
[PlyCount "99"]
[EventDate "1996.10.01"]

1. e4 c5 2. c3 d5 3. exd5 Qxd5 4. d4 e5 5. Nf3 cxd4 6. cxd4 exd4 7. Qxd4 Qxd4
8. Nxd4 Bd7 9. Nb5 Bxb5 10. Bxb5+ Nc6 11. O-O Bd6 12. Nc3 Nge7 13. Ne4 Rd8 14.
Be3 O-O 15. Bxc6 bxc6 16. Bxa7 Be5 17. Bc5 Rfe8 18. Rad1 Nd5 19. Ba3 Bxb2 20.
Bxb2 Rxe4 21. Rfe1 Rxe1+ 22. Rxe1 Nb4 23. a4 Nd3 24. Rd1 c5 25. Kf1 f6 26. Bc3
Kf7 27. g3 Ke6 28. a5 c4 29. Rb1 Nc5 30. Re1+ Kd7 31. Rd1+ Ke7 32. Rxd8 Kxd8
33. Ke2 Kd7 34. Ke3 Nb3 35. Ke4 Kd6 36. g4 Kc5 37. g5 fxg5 38. Bxg7 Nxa5 39.
Bc3 Nc6 40. Kf5 Nd4+ 41. Kxg5 Nf3+ 42. Kf6 Nxh2 43. Kg7 h5 44. Kg6 Kd5 45. Kxh5
Ke4 46. Kg5 Kf3 47. Bd4 Ng4 48. Kf5 Nxf2 49. Ke5 Ke2 50. Kd5 1/2-1/2

[Event "I C.to Romano"]
[Site "Roma ITA"]
[Date "1996.10.??"]
[Round "2"]
[White "De Felici, Roberto"]
[Black "Scacco, Mauro"]
[Result "0-1"]
[WhiteElo "1609"]
[BlackElo "2045"]
[PlyCount "74"]
[EventDate "1996.10.01"]

1. d4 d6 2. e4 Nd7 3. Nf3 g6 4. Bc4 Nb6 5. Bd3 Bg7 6. Nc3 Nh6 7. h3 O-O 8. Be3
f5 9. Qd2 fxe4 10. Bxe4 Nf5 11. Bg5 c6 12. Bxf5 Bxf5 13. Qe2 Qc7 14. O-O Rae8
15. Rfe1 h6 16. Bh4 g5 17. Bg3 Qd7 18. Rad1 g4 19. hxg4 Bxg4 20. Qe4 Rf7 21. d5
Bxf3 22. dxc6 Qxc6 23. gxf3 Ref8 24. Qg4 e5 25. Qe6 Re8 26. Qxd6 Qxf3 27. Re3
Qf5 28. Rde1 Nc4 29. Qd5 Nxe3 30. Rxe3 Qxc2 31. Ne4 Qxb2 32. Nd6 Ref8 33. Nxf7
Rxf7 34. Rf3 Qc1+ 35. Kg2 Qc7 36. Rf5 Qd7 37. Qxd7 Rxd7 0-1

[Event "I C.to Romano"]
[Site "Roma ITA"]
[Date "1996.10.??"]
[Round "2"]
[White "Fantazzini, Massimiliano"]
[Black "Farina, Saverio"]
[Result "1/2-1/2"]
[WhiteElo "1753"]
[BlackElo "2210"]
[PlyCount "109"]
[EventDate "1996.10.01"]

1. c4 e6 2. Nc3 d5 3. d4 c5 4. cxd5 exd5 5. Nf3 Nc6 6. g3 Nf6 7. Bg2 Be7 8. O-O
O-O 9. Bg5 Be6 10. Bxf6 Bxf6 11. dxc5 Bxc3 12. bxc3 Qe7 13. Rb1 Na5 14. Qa4 Nc4
15. c6 bxc6 16. Qxc6 Rac8 17. Qa6 Rc7 18. Rfc1 Rfc8 19. h4 h6 20. Nd4 Nd6 21.
Rb3 Qd7 22. Qa5 Rc5 23. Qa6 Rc4 24. Nb5 Nxb5 25. Qxb5 Qxb5 26. Rxb5 d4 27. Bb7
R8c7 28. Ba6 Rxc3 29. Rb8+ Kh7 30. Bd3+ g6 31. Ra1 Rc1+ 32. Rxc1 Rxc1+ 33. Kg2
Bd5+ 34. f3 Kg7 35. Rd8 Rc5 36. a4 Kf6 37. Rd6+ Ke7 38. Ra6 Rc7 39. h5 Bb7 40.
Ra5 g5 41. Kf2 Ba8 42. f4 gxf4 43. gxf4 f6 44. Kg3 Bc6 45. Bb5 Bd5 46. Bd3 Be6
47. Kf3 Bg8 48. Bf5 Bc4 49. Bd3 Bf7 50. Ke4 Rd7 51. Bb5 Rc7 52. Bd3 Rd7 53. Bb5
Rc7 54. Kxd4 Bxh5 55. e4 1/2-1/2

[Event "I C.to Romano"]
[Site "Roma ITA"]
[Date "1996.10.??"]
[Round "2"]
[White "Fortunato, Mimmo"]
[Black "D'Intino, Vitale"]
[Result "0-1"]
[WhiteElo "1600"]
[BlackElo "1543"]
[PlyCount "124"]
[EventDate "1996.10.01"]

1. e4 c5 2. c3 Nc6 3. Nf3 e6 4. d4 Nf6 5. Bd3 Be7 6. O-O a6 7. Re1 d6 8. Nbd2
h6 9. Nf1 d5 10. e5 Nd7 11. Ng3 c4 12. Bc2 b5 13. b4 a5 14. bxa5 Rxa5 15. Bd2
Nb6 16. Nh5 Bf8 17. a3 Bd7 18. Ra2 Ne7 19. Ng3 Ng6 20. Qc1 Qa8 21. Nh5 Nc8 22.
Qb2 Nce7 23. Rea1 Nf5 24. h3 Nfh4 25. Nxh4 Nxh4 26. Ng3 g6 27. Nf1 Be7 28. f4
Nf5 29. Bxf5 exf5 30. Ne3 Be6 31. Nc2 O-O 32. Nb4 Qb7 33. a4 bxa4 34. Rxa4 Rxa4
35. Rxa4 Ra8 36. Rxa8+ Qxa8 37. Qa2 Qxa2 38. Nxa2 f6 39. Kf2 fxe5 40. fxe5 h5
41. g3 Kf7 42. Ke2 g5 43. Nb4 Bxb4 44. cxb4 Kg6 45. b5 Bd7 46. b6 Bc6 47. e6
Kf6 48. e7 Kxe7 49. Bxg5+ Kd7 50. Kf3 Kc8 51. Kf4 Kb7 52. Kxf5 Kxb6 53. Ke5 Kb5
54. Bd2 Ka4 55. g4 hxg4 56. hxg4 Kb3 57. g5 c3 58. Bf4 Kc4 59. g6 Be8 60. g7
Bf7 61. Kf6 Bg8 62. Ke7 Kxd4 0-1

[Event "I C.to Romano"]
[Site "Roma ITA"]
[Date "1996.10.??"]
[Round "2"]
[White "Franchi, Jose' Maria"]
[Black "Scagliarini, Valentina"]
[Result "1-0"]
[WhiteElo "1846"]
[BlackElo "1771"]
[PlyCount "45"]
[EventDate "1996.10.01"]

1. d4 d5 2. c4 e6 3. Nc3 Nf6 4. cxd5 exd5 5. Bg5 Be7 6. e3 c6 7. Bd3 Ne4 8.
Bxe7 Nxc3 9. bxc3 Qxe7 10. Ne2 Nd7 11. Ng3 g6 12. O-O Nf6 13. e4 dxe4 14. Nxe4
Nd5 15. Qf3 O-O 16. Rae1 Qc7 17. c4 Nf4 18. Nf6+ Kh8 19. Re4 Nxd3 20. Rh4 h5
21. Rxh5+ gxh5 22. Qxh5+ Kg7 23. Qg5+ 1-0

[Event "I C.to Romano"]
[Site "Roma ITA"]
[Date "1996.10.??"]
[Round "2"]
[White "Lepri, Livio"]
[Black "Marzano, Carlo"]
[Result "1/2-1/2"]
[WhiteElo "1999"]
[BlackElo "2165"]
[PlyCount "99"]
[EventDate "1996.10.01"]

1. Nf3 d5 2. d4 c6 3. c4 Nf6 4. e3 Bf5 5. Nc3 e6 6. Bd3 Bxd3 7. Qxd3 Nbd7 8.
O-O Bd6 9. cxd5 exd5 10. e4 dxe4 11. Nxe4 Be7 12. Bg5 O-O 13. Nxf6+ Bxf6 14.
Bxf6 Nxf6 15. Qb3 Qc7 16. Rfe1 Rfe8 17. h3 Nd5 18. Ne5 Re7 19. Nf3 Rae8 20.
Rxe7 Rxe7 21. Re1 Rxe1+ 22. Nxe1 g6 23. Nf3 Qe7 24. a3 f6 25. Qc2 Kf7 26. g3
Nb6 27. Kg2 Qe6 28. h4 Qd5 29. b3 Nc8 30. Qc4 Qxc4 31. bxc4 Nd6 32. Nd2 b5 33.
d5 cxd5 34. cxd5 f5 35. Kf3 Kf6 36. Kf4 h6 37. Nf3 Nc4 38. g4 fxg4 39. Kxg4
Ne5+ 40. Nxe5 Kxe5 41. h5 gxh5+ 42. Kxh5 Kxd5 43. Kxh6 Ke4 44. Kg5 Kf3 45. Kf5
Kxf2 46. Ke4 Ke2 47. Kd4 a5 48. Kc5 b4 49. axb4 axb4 50. Kxb4 1/2-1/2

[Event "I C.to Romano"]
[Site "Roma ITA"]
[Date "1996.10.??"]
[Round "2"]
[White "Malloni, Marcello"]
[Black "Marta, Daniele"]
[Result "1-0"]
[WhiteElo "2230"]
[BlackElo "1807"]
[PlyCount "65"]
[EventDate "1996.10.01"]

1. d4 Nf6 2. c4 g6 3. Nc3 Bg7 4. e4 d6 5. f3 O-O 6. Be3 b6 7. Bd3 a6 8. Nge2 c5
9. d5 e6 10. a4 exd5 11. cxd5 Nbd7 12. Ng3 Qc7 13. O-O Rb8 14. Qd2 c4 15. Be2
b5 16. axb5 axb5 17. Ra7 Qd8 18. b4 Ne5 19. h3 h5 20. f4 Ned7 21. Bf3 Re8 22.
Kh1 Nf8 23. Nge2 Re7 24. Ra5 Bd7 25. Rfa1 Qe8 26. R1a3 Qc8 27. Nd4 Qe8 28. Bf2
N8h7 29. Ra6 Nxe4 30. Nxe4 Rxe4 31. Bxe4 Qxe4 32. Rxd6 Bxh3 33. Rxh3 1-0

[Event "I C.to Romano"]
[Site "Roma ITA"]
[Date "1996.10.??"]
[Round "2"]
[White "Mariotti, Sergio"]
[Black "Almonti, Alessandro"]
[Result "1-0"]
[WhiteElo "2435"]
[BlackElo "1765"]
[PlyCount "70"]
[EventDate "1996.10.01"]

1. e4 c5 2. Nf3 Nc6 3. Nc3 g6 4. g3 Bg7 5. Bg2 e6 6. d3 Nge7 7. O-O O-O 8. Re1
d6 9. Bd2 a6 10. Qc1 Re8 11. Bh6 Bh8 12. h4 Bd7 13. h5 Rc8 14. hxg6 hxg6 15.
Nd1 Nd4 16. c3 Nxf3+ 17. Bxf3 b5 18. Kg2 Nc6 19. Be2 Qe7 20. Rh1 f6 21. Bd2 d5
22. f3 Bg7 23. Nf2 Kf7 24. Qc2 Rh8 25. f4 Rxh1 26. Rxh1 Rh8 27. Rxh8 Bxh8 28.
Bf3 d4 29. a3 Bg7 30. c4 b4 31. Qa4 a5 32. Qb5 Bf8 33. Qa6 Qe8 34. Kf1 e5 35.
f5 g5 1-0

[Event "I C.to Romano"]
[Site "Roma ITA"]
[Date "1996.10.??"]
[Round "2"]
[White "Michelena, Rodolfo"]
[Black "Drago, Valentino"]
[Result "1-0"]
[WhiteElo "1822"]
[BlackElo "1603"]
[PlyCount "107"]
[EventDate "1996.10.01"]

1. e4 c5 2. Nf3 d6 3. d4 cxd4 4. Nxd4 Nf6 5. Nc3 a6 6. Bg5 e6 7. Qd2 Be7 8. Nb3
Nc6 9. O-O-O b5 10. Bxf6 gxf6 11. Kb1 Bb7 12. Qe3 Ne5 13. Qd4 Rc8 14. f4 Nc4
15. Bd3 Qc7 16. Qf2 Nxb2 17. Nxb5 axb5 18. Bxb5+ Kf8 19. Kxb2 Bxe4 20. Bd3 Qc3+
21. Kb1 d5 22. Qd2 Bxg2 23. Qxc3 Rxc3 24. Rhe1 Bd6 25. Rd2 Bh3 26. Rf2 e5 27.
fxe5 fxe5 28. Rf6 Be6 29. Kb2 Rc7 30. a4 Ke7 31. Rh6 e4 32. Bb5 Be5+ 33. Kb1 f5
34. Rd1 f4 35. Na5 Bg7 36. Rh4 f3 37. Nc6+ Kd6 38. Rxe4 f2 39. Nb4 Rf8 40. Bf1
Rb7 41. Ka2 d4+ 42. Ka3 Rf3+ 43. Nd3 Kd5 44. Rh4 Kc6 45. Rf4 Bf8+ 46. Rxf8 Rxf8
47. Bg2+ Kd6 48. Nxf2 Rc7 49. Rxd4+ Kc5 50. Rd2 Ra7 51. Nd3+ Kc4 52. Re2 Bg8
53. Bc6 Rf1 54. Kb2 1-0

[Event "I C.to Romano"]
[Site "Roma ITA"]
[Date "1996.10.??"]
[Round "2"]
[White "Narain, Ram Deva"]
[Black "Scagliarini, Bruno"]
[Result "0-1"]
[WhiteElo "1539"]
[BlackElo "1728"]
[PlyCount "100"]
[EventDate "1996.10.01"]

1. d4 Nf6 2. c4 e6 3. Nf3 d5 4. e3 Nbd7 5. Bd3 Be7 6. O-O a6 7. Nc3 dxc4 8.
Bxc4 b5 9. Bd3 c5 10. Ne4 Bb7 11. Ng3 O-O 12. b3 cxd4 13. Nxd4 Nc5 14. Be2 Qb6
15. Bb2 Rfd8 16. Qe1 Rac8 17. Bc3 Qa7 18. Rc1 Nce4 19. Nxe4 Nxe4 20. Ba5 Rxc1
21. Qxc1 Rc8 22. Qb2 Qc5 23. Bd2 Nxd2 24. Qxd2 Bf6 25. Bf3 Bxf3 26. Nxf3 Qc2
27. Qa5 Qc6 28. Qd2 h5 29. Nd4 Rd8 30. Qa5 Qd6 31. Rc1 Bxd4 32. exd4 Qxd4 33.
h3 Qd2 34. Qc7 Qg5 35. a4 bxa4 36. bxa4 Qd5 37. Rc6 Qd1+ 38. Kh2 Qd3 39. Rxa6
Rd7 40. Ra8+ Kh7 41. Qc6 Qd5 42. Qc2+ g6 43. Rc8 Qe5+ 44. Kg1 Qe1+ 45. Kh2 Rd1
46. Qc3 Qg1+ 47. Kg3 h4+ 48. Kg4 Qxg2+ 49. Kxh4 Qxf2+ 50. Kg4 Rg1+ 0-1

[Event "I C.to Romano"]
[Site "Roma ITA"]
[Date "1996.10.??"]
[Round "2"]
[White "Onisi, Stefano"]
[Black "Vanzan, Alessandro"]
[Result "1-0"]
[WhiteElo "1600"]
[BlackElo "1507"]
[PlyCount "103"]
[EventDate "1996.10.01"]

1. e4 d6 2. d4 Nf6 3. Nc3 g6 4. Nf3 Bg7 5. Bc4 O-O 6. h3 Nxe4 7. Bxf7+ Rxf7 8.
Nxe4 h6 9. Be3 Kh7 10. Qd2 Rf8 11. Nh2 Rh8 12. Ng4 Qf8 13. Nc3 c6 14. f3 Nd7
15. h4 Nf6 16. Nxf6+ exf6 17. g4 f5 18. h5 g5 19. f4 gxf4 20. Bxf4 Qe8+ 21. Ne2
Qe4 22. O-O-O fxg4 23. Ng3 Qd5 24. b3 Rf8 25. c4 Qe6 26. Rhe1 Qf6 27. Rf1 c5
28. Be5 Qg5 29. Qxg5 hxg5 30. Bxg7 Rxf1 31. Rxf1 Kxg7 32. d5 Bd7 33. Ne4 Rf8
34. Rh1 Kh6 35. Nxd6 b6 36. Ne4 Rf3 37. d6 Bc6 38. Rd1 Bd7 39. Rd5 Rf5 40. Rxf5
Bxf5 41. Ng3 Bd7 42. Kd2 Kg7 43. Ke3 Kf6 44. a4 Be6 45. Ne4+ Kf5 46. h6 g3 47.
h7 g2 48. Kf2 Kxe4 49. h8=Q Kf5 50. Qb8 Kg4 51. Qxa7 Kh3 52. Kg1 1-0

[Event "I C.to Romano"]
[Site "Roma ITA"]
[Date "1996.10.??"]
[Round "2"]
[White "Papetti, Francesco"]
[Black "Verrascina, Roberto"]
[Result "1/2-1/2"]
[WhiteElo "1816"]
[BlackElo "2225"]
[PlyCount "83"]
[EventDate "1996.10.01"]

1. d4 g6 2. g3 Bg7 3. Nf3 d6 4. Bg2 Nf6 5. O-O O-O 6. c4 Nbd7 7. Nc3 c6 8. e4
e5 9. dxe5 dxe5 10. Qe2 Qe7 11. Rd1 Nc5 12. b3 Bg4 13. h3 Bxf3 14. Qxf3 Ne6 15.
Ne2 Nd4 16. Nxd4 exd4 17. Bb2 c5 18. e5 Qxe5 19. Re1 Qd6 20. Qxb7 Rac8 21. Qxa7
Nd7 22. Qa5 h5 23. h4 Bh6 24. Bc1 Bxc1 25. Raxc1 Ne5 26. Qd2 Qf6 27. Re4 Nf3+
28. Bxf3 Qxf3 29. Rce1 Ra8 30. Re7 Rfd8 31. Rc7 Qc3 32. Qxc3 dxc3 33. Rxc5 Rxa2
34. Rd5 Rb8 35. Rc1 Rxb3 36. Rd3 Rbb2 37. Rdxc3 Rxf2 38. c5 Rg2+ 39. Kh1 Rh2+
40. Kg1 Rag2+ 41. Kf1 Rd2 42. Kg1 1/2-1/2

[Event "I C.to Romano"]
[Site "Roma ITA"]
[Date "1996.10.??"]
[Round "2"]
[White "Pezzaldi, Roberto"]
[Black "Manno, Vincenzo"]
[Result "1-0"]
[WhiteElo "2001"]
[BlackElo "1495"]
[PlyCount "81"]
[EventDate "1996.10.01"]

1. c4 e5 2. Nc3 Nf6 3. g3 Bc5 4. Bg2 c6 5. Qb3 Qb6 6. Qxb6 axb6 7. Nf3 d6 8.
O-O Be6 9. d3 h6 10. Nd2 O-O 11. b3 Nbd7 12. Bb2 Ra7 13. e3 Rfa8 14. a4 Bb4 15.
Rad1 Nc5 16. d4 exd4 17. exd4 Nd3 18. Ba1 Ba5 19. Nde4 Nxe4 20. Nxe4 d5 21.
cxd5 cxd5 22. Rxd3 dxe4 23. Bxe4 Rd8 24. d5 Bd7 25. Bd4 Raa8 26. Rc1 b5 27. Ra1
bxa4 28. bxa4 Rac8 29. Be3 Rc4 30. Rd4 Rdc8 31. Bd3 Bc3 32. Rxc4 Bxa1 33. Rxc8+
Bxc8 34. Bb5 Be5 35. Bc5 Bh3 36. d6 b6 37. Bxb6 Bxd6 38. a5 Bc8 39. a6 Kf8 40.
a7 Bb7 41. Bf1 1-0

[Event "I C.to Romano"]
[Site "Roma ITA"]
[Date "1996.10.??"]
[Round "2"]
[White "Pompa, Alessandro"]
[Black "Vannelli, Vittorio"]
[Result "1-0"]
[WhiteElo "2055"]
[BlackElo "1567"]
[PlyCount "127"]
[EventDate "1996.10.01"]

1. d4 Nf6 2. c4 d6 3. Nc3 e5 4. d5 Bf5 5. Nf3 h6 6. g3 Be7 7. Bg2 Nbd7 8. O-O
Nf8 9. c5 Ng6 10. cxd6 cxd6 11. Qb3 Qb6 12. Qxb6 axb6 13. Be3 Nd7 14. Nb5 O-O
15. Rfc1 Rac8 16. b4 Rc2 17. Rxc2 Bxc2 18. Rc1 Bf5 19. Rc7 Rb8 20. Nd2 Bd8 21.
Rc1 Ne7 22. Nxd6 Bg4 23. Kf1 Nf6 24. N2c4 Nexd5 25. Nxe5 Nxe3+ 26. fxe3 Be7 27.
Nec4 b5 28. Nxb5 Bxb4 29. a3 Bc5 30. e4 Be6 31. e5 Ng4 32. h3 Bxc4 33. hxg4
Bxb5 34. Rxc5 Bd7 35. Rc7 Bxg4 36. Bxb7 Re8 37. Rc4 Bh3+ 38. Kf2 Rxe5 39. Bc6
Be6 40. Rc3 Ra5 41. a4 Bd5 42. Bb5 Bb7 43. Ke1 Ba6 44. Bc6 Re5 45. e3 g5 46.
Kd2 h5 47. Bf3 h4 48. gxh4 gxh4 49. e4 h3 50. Ke3 Ra5 51. Kf2 Rxa4 52. Kg3 Bf1
53. Rc5 Ra3 54. Kf2 Rxf3+ 55. Kxf3 Bg2+ 56. Kg3 Bxe4 57. Kxh3 Bg6 58. Kg4 Kg7
59. Kg5 Kf8 60. Kf6 Kg8 61. Rc8+ Kh7 62. Re8 Kh6 63. Rh8+ Bh7 64. Kxf7 1-0

[Event "I C.to Romano"]
[Site "Roma ITA"]
[Date "1996.10.??"]
[Round "2"]
[White "Quimi, Marco"]
[Black "Galeno, Giorgio"]
[Result "1-0"]
[WhiteElo "2220"]
[BlackElo "1725"]
[PlyCount "73"]
[EventDate "1996.10.01"]

1. e4 d6 2. d4 Nf6 3. Nc3 g6 4. f4 Bg7 5. Nf3 O-O 6. Be3 Na6 7. Qd2 c5 8. Bxa6
bxa6 9. dxc5 dxc5 10. Qxd8 Rxd8 11. Bxc5 e6 12. Be7 Rd7 13. Bxf6 Bxf6 14. e5
Be7 15. Ke2 Bb7 16. Rhd1 Rad8 17. Rxd7 Rxd7 18. Rd1 Rxd1 19. Nxd1 Bc5 20. Nf2
a5 21. b3 a4 22. Nd3 axb3 23. axb3 Bb6 24. c4 a5 25. g3 Ba6 26. Nd2 Bd4 27. Ne1
Bb7 28. Kd3 Bg1 29. Nef3 Ba7 30. Nd4 Kf8 31. Ne4 Ke7 32. h3 h5 33. g4 hxg4 34.
hxg4 Bb6 35. Nd6 Ba6 36. Nc6+ Kf8 37. Nb8 1-0

[Event "I C.to Romano"]
[Site "Roma ITA"]
[Date "1996.10.??"]
[Round "2"]
[White "Tamburini, Massimiliano"]
[Black "Fanciulli, Gianluca"]
[Result "1/2-1/2"]
[WhiteElo "1600"]
[BlackElo "1564"]
[PlyCount "136"]
[EventDate "1996.10.01"]

1. c4 Nf6 2. Nc3 e5 3. g3 d5 4. cxd5 Nxd5 5. Bg2 c6 6. d3 Be6 7. Nf3 Nd7 8. e4
N5f6 9. Bg5 Be7 10. O-O O-O 11. d4 exd4 12. Nxd4 Ne8 13. Nxe6 fxe6 14. Bxe7
Qxe7 15. Qd2 e5 16. Rad1 Nef6 17. Bh3 Nc5 18. Qd6 Qxd6 19. Rxd6 Rad8 20. Rfd1
Rxd6 21. Rxd6 Kf7 22. Bg2 Ke7 23. Rd2 Rd8 24. Rxd8 Kxd8 25. b4 Ne6 26. Ne2 b6
27. f4 Nd4 28. Nc3 c5 29. bxc5 bxc5 30. fxe5 Nd7 31. e6 Nxe6 32. Nb5 a6 33. Nd6
Ke7 34. Nc4 Kf6 35. Kf2 Ne5 36. Nxe5 Kxe5 37. Ke3 g5 38. a4 a5 39. Bf1 Ng7 40.
Bc4 Ne8 41. Bd5 Nf6 42. Bb7 c4 43. h3 c3 44. Kd3 c2 45. Kxc2 Nxe4 46. g4 Nc5
47. Bc6 Kf4 48. Kc3 Kg3 49. Kc4 Nxa4 50. Bxa4 Kxh3 51. Bd1 a4 52. Kb4 Kg3 53.
Kxa4 Kf4 54. Kb5 h5 55. gxh5 Ke5 56. Kc5 Kf6 57. Kd6 Kg7 58. Ke6 g4 59. Bxg4
Kh6 60. Kf6 Kh7 61. Kg5 Kg7 62. Bf5 Kg8 63. Kh6 Kh8 64. Kg6 Kg8 65. h6 Kh8 66.
Kf6 Kg8 67. Ke5 Kh8 68. h7 Kg7 1/2-1/2

[Event "I C.to Romano"]
[Site "Roma ITA"]
[Date "1996.10.??"]
[Round "2"]
[White "Togni, Giampiero"]
[Black "Passerotti, Pierluigi"]
[Result "0-1"]
[WhiteElo "1701"]
[BlackElo "2290"]
[PlyCount "37"]
[EventDate "1996.10.01"]

1. Nf3 c5 2. d4 cxd4 3. Nxd4 Nf6 4. Nc3 d5 5. Bg5 Nbd7 6. h3 h6 7. Bh4 e5 8.
Nf3 d4 9. Nb1 Qb6 10. Nbd2 Qxb2 11. Rb1 Qc3 12. Rb3 Qa5 13. Qb1 a6 14. g4 Nc5
15. Bxf6 Nxb3 16. Qxb3 gxf6 17. Bg2 Bb4 18. Qd3 h5 19. O-O $138 0-1

[Event "I C.to Romano"]
[Site "Roma ITA"]
[Date "1996.10.??"]
[Round "2"]
[White "Verrascina, Nicola"]
[Black "Simeone, Giulio"]
[Result "1-0"]
[WhiteElo "2080"]
[BlackElo "1714"]
[PlyCount "57"]
[EventDate "1996.10.01"]

1. e4 c6 2. d4 d5 3. e5 h5 4. Bd3 g6 5. Nf3 Nh6 6. O-O Bf5 7. Bxh6 Bxh6 8. Bxf5
gxf5 9. e6 fxe6 10. Ne5 Bg7 11. Ng6 Rh6 12. Nf4 Qd6 13. Nxh5 Bxd4 14. Qxd4 Rxh5
15. f4 Nd7 16. Nd2 e5 17. fxe5 Qxe5 18. Nf3 Qd6 19. Rae1 b6 20. Qg7 O-O-O 21.
Qxe7 Qf4 22. Re6 Rh6 23. Rfe1 Rg8 24. Rxh6 Qxh6 25. Re6 Qc1+ 26. Ne1 Nb8 27.
Qxa7 Rxg2+ 28. Kxg2 Qg5+ 29. Kh1 1-0

[Event "I C.to Romano"]
[Site "Roma ITA"]
[Date "1996.10.??"]
[Round "2"]
[White "Viscardi, Riccardo"]
[Black "Tosoni, Augusto"]
[Result "0-1"]
[WhiteElo "1600"]
[BlackElo "2056"]
[PlyCount "76"]
[EventDate "1996.10.01"]

1. d4 Nf6 2. c4 g6 3. Nc3 Bg7 4. e4 d6 5. Be2 O-O 6. Nf3 e5 7. Be3 Nbd7 8. d5
Ng4 9. Bg5 f6 10. Bh4 h5 11. Nd2 Nh6 12. f3 a6 13. b4 g5 14. Bf2 f5 15. h3 b6
16. Nb3 Nf6 17. c5 g4 18. Bh4 Qe8 19. cxb6 cxb6 20. Bxf6 Bxf6 21. hxg4 fxg4 22.
fxg4 Nxg4 23. Bxg4 Bxg4 24. Qd2 Qg6 25. Qd3 Bg5 26. Nd2 Rf7 27. Nf3 Bxf3 28.
gxf3 Raf8 29. Rf1 Bh4+ 30. Kd2 Rxf3 31. Rxf3 Qg2+ 32. Qe2 Qxf3 33. Rg1+ Kh7 34.
Qxf3 Rxf3 35. Ne2 Ra3 36. Nc3 Bf2 37. Rf1 Bd4 38. Rf3 Bxc3+ 0-1

[Event "I C.to Romano"]
[Site "Roma ITA"]
[Date "1996.10.??"]
[Round "2"]
[White "Wyss, Walter"]
[Black "Buffoni, Luca"]
[Result "1-0"]
[WhiteElo "2200"]
[BlackElo "1699"]
[PlyCount "78"]
[EventDate "1996.10.01"]

1. d4 d5 2. Nf3 Nf6 3. c4 e6 4. Nc3 Nbd7 5. Bf4 Bb4 6. e3 Ne4 7. Qb3 c5 8. Bd3
Bxc3+ 9. bxc3 O-O 10. O-O Ndf6 11. Qc2 Qa5 12. Ng5 Nxg5 13. Bxg5 dxc4 14. Bxc4
Nd5 15. Bxd5 exd5 16. Be7 Re8 17. Bxc5 Be6 18. f4 Rac8 19. f5 Bd7 20. f6 Rxe3
21. Qf2 Re4 22. fxg7 Be6 23. Rab1 b6 24. Bb4 Qa6 25. Rbe1 Qd3 26. Rxe4 Qxe4 27.
Re1 Qg6 28. h4 h5 29. Re5 a5 30. Be7 Rxc3 31. Rg5 Qb1+ 32. Kh2 Rc1 33. Rxh5
Rh1+ 34. Kg3 Qd3+ 35. Qf3 Qxf3+ 36. gxf3 Kxg7 37. Kf4 b5 38. Rg5+ Kh7 39. Rg2
Rxh4+ 1-0